000 00536nam a2200181Ia 4500
003 GCL
008 140319s9999 xx 000 0 ara d
040 _aGCL /
_cGCL
082 0 4 _a616.5
_bش م
100 1 _aشيدلر هارجى
245 1 0 _aمشاكل الجلد والشعر /
_cشيدلر هارجى
700 1 _aالدار العربية للعلوم
260 _a[S.N] :
_bالدار العربية للعلوم ،
_c1992
300 _a124 ص
490 _a
650 0 4 _aالامراض الجلدية
942 _2ddc
_cBK
999 _c55725
_d55725